000 00662nam a22001697a 4500
999 _c61123
_d61123
005 20231221103657.0
008 231221s1980 ru ||||| |||| 00| 0 rus d
041 _arus
080 _a94(37/38):930(4) И-90
245 _aИсториография античной истории /
_cПод ред. В.И. Кузищина.
264 _a М.:
_bВысшая школа,
_c1980.
300 _a415 с.;
_b21 см.
653 _aანტიკური ისტორიის ისტორიოგრაფია
653 _aისტორია
700 _aКузищина, В.И.
_eრედაქტორი
_920096
942 _2udc
_cᲬᲘᲒᲜᲘ